000 00502 a2200133 4500
001 ART_49062
005 20260410161731.0
008 260409a
245 1 0 _aInvestigación empírica sobre relaciones entre la información financiera y socioambiental brindada por empresas en Argentina
100 1 _aLarramendy, Elsa
700 1 _aTellechea, Pamela
700 1 _aTobes, M. Luciana
773 0 _tEscritos contables y de administración
_g- Vol. 9, Nº 1 (ene./jun. 2018)
_wREV2758
999 _c17880
_d17880